000 01751nam a22003494i 4500
001 991061509084306706
003 ES-BaIT
005 20251104110722.0
008 251029s2020 sp a|||| |||| 0|0 d spa|c
017 _aDL M 4340-2020
_bOficina DL Madrid
020 _a9788418119101
040 _aES-BaIT
_bcat
_erda
_cES-BaIT
080 _a849.9-2"20"
100 1 _aMiró Coromina, Josep Maria,
_d1977-
_eautor
_934005
240 1 _aTemps salvatge.
_lCastellà
_9167749
245 1 0 _aTiempo salvaje /
_cJosep Maria Miró ; traducción de Eva Vallines ; prólogo de Marina Garcés
250 _aPrimera edición
264 1 _aMadrid :
_bEdiciones Antígona,
_c2020
300 _a202 pàgines :
_bil·lustracions en color ;
_c21 cm
336 _atext
_btxt
_2rdacontent
337 _asense mediació
_bn
_2rdamedia
338 _avolum
_bnc
_2rdacarrier
490 1 _aTeatro ;
_v166
500 _aP10: D6, H4
520 _a"Una tranquila urbanización de una pequeña población fronteriza organiza una celebración para los jóvenes que tendrá lugar en el pabellón municipal situado a la salida de la localidad, cerca de una zona boscosa por donde transitan personas extranjeras de manera irregular. Una mañana aparecen varias pintadas con un mensaje amenazador: «Volveremos para violar a vuestras mujeres». Una espiral de miedo, suposiciones y violencia se apoderará de esta población y trastornará la vida rutinaria de sus habitantes, perturbando gravemente sus normas de convivencia." -- Contracoberta
700 1 _aGarcés, Marina,
_d1973-
_eescriptor d'un pròleg
_966531
700 1 _aVallines, Eva
_etraductor
_9167750
830 0 _aTeatro (Ediciones Antígona)
_v166
_9145202
908 _aCDMAE
940 _aCVA2
942 _2udc
_c1
999 _c136780
_d136780